| 000 | 00798nam0a22002411 4500 | ||
|---|---|---|---|
| 001 | rc\668547 | ||
| 005 | 20031121165601.4 | ||
| 035 | _a(NLR Aleph) 005907304 | ||
| 090 |
_a6339792 _c6339792 |
||
| 100 | _a20031121d1986 u |0rusy50 ca | ||
| 101 | 0 | _arus | |
| 102 | _aRU | ||
| 105 | _aa ||||||||| | ||
| 200 | 1 |
_aНа пороге XXI века _eИнтервью с ленингр. академиками _f[Составитель И.Г. Константинова] |
|
| 210 |
_aЛ. _cЛениздат _d1986 |
||
| 215 |
_a238, [2] с. _cил. _d21 |
||
| 225 | 1 | _aИнтенсификация-90 | |
| 702 | 1 |
_aКонстантинова _bИ. Г. _gИрина Георгиевна _4220 |
|
| 801 | 0 |
_aRU _bNLR _gpsbo |
|
| 801 | 1 |
_aRU _bELAR _2rusmarc |
|
| 852 |
_aNLR _j86-3/14530 |
||
| 942 | _cBOOK | ||
| 980 | _aNB | ||